000 00806cam a2200241 4500
001 ABS61420
008 000000n 000 0 eng u
035 _a(Sirsi) u100535
100 _aNorvell, D.G.
245 _aCuba calling
250 _c1999
260 _aUrban Land
_v58(8) August 1999, 41-45, 93(6)
520 _aDiscusses the continuing US embargo which is the major factor on business development in Cuba. Tourism is the fastest growing sector of the economy, and in a post-embargo Cuba many believe there would be great real estate development opportunities.
590 _aABS
650 _aTOURISM
650 _aCUBA
650 _aTRADE EMBARGO
650 _aDEVELOPMENT
650 _aFOREIGN INVESTMENT
650 _aHOUSING
690 _aOVERSEAS-REST OF THE WORLD
942 _n0
999 _c60142
_d60142